LEADER 00931cam0-2200325---450- 001 990004094400403321 005 20120208112842.0 010 $a90-04-07861-4 035 $a000409440 035 $aFED01000409440 035 $a(Aleph)000409440FED01 035 $a000409440 100 $a19990604d1987----km-y0itay50------ba 101 0 $aeng 102 $aNL 105 $aa-------001yy 200 1 $aAthletics in ancient Athens$fby Donald G. Kyle 210 $aLeiden$cBrill$d1987 215 $aX, 240 p.$cill.$d24 cm 225 1 $aMnemosyne$ebiblioteca classica Batava$iSupplementum$x0169-8958$v9 610 0 $aSport$aGrecia antica 676 $a796.0938$v22$zita 700 1$aKyle,$bDonald G.$0158772 801 0$aIT$bUNINA$gREICAT$2UNIMARC 901 $aBK 912 $a990004094400403321 952 $a796.09 KYL 2$bBIBL.5714$fFLFBC 959 $aFLFBC 996 $aAthletics in ancient Athens$9284344 997 $aUNINA